-
TYAGI, DR NIDHI AND KATIYAR, DR. PRASHANT KUMAR & KUMAR, DR. PRASHANT
Entry Personal Name
Number of records used in: 1
001 - CONTROL NUMBER
003 - CONTROL NUMBER IDENTIFIER
005 - DATE AND TIME OF LATEST TRANSACTION
- control field:
20251124121742.0
008 - FIXED-LENGTH DATA ELEMENTS
- fixed length control field:
251124|| aca||aabn | a|a d
040 ## - CATALOGING SOURCE
- Original cataloging agency:
JRU
- Transcribing agency:
JRU
100 ## - HEADING--PERSONAL NAME
- Personal name:
TYAGI, DR NIDHI AND KATIYAR, DR. PRASHANT KUMAR & KUMAR, DR. PRASHANT
670 ## - SOURCE DATA FOUND
- Source citation:
Work cat.: (JRU)8973: TYAGI, DR NIDHI AND KATIYAR, DR. PRASHANT KUMAR & KUMAR, DR. PRASHANT , PHARMACEUTICAL MICROBIOLOGY PRACTICAL TEXT- AS PER PCI REGULATIONS FOR B PHARMACY & D PHARM